000 00645nam a22002057a 4500
005 20151008132603.0
008 151008b py ||||| |||| 00| 0 spa d
050 0 4 _aKHP5814.31998
_bP37 1998
110 1 _aParaguay
240 1 0 _aCódigo Procesal Penal
245 1 0 _aLey No. 1286/98 :
_bCódigo procesal penal de la República de Paraguay
246 3 0 _aCódigo Procesal Penal
250 _a1a ed.
260 _aAsunción, Paraguay :
_bIntercontinental Editora,
_c1998
300 _a180 p. ;
_c23 cm.
490 0 _aLegislación Paraguaya
504 _aIncluye índice
650 7 _2LEMB
_aProcedimiento penal
_zParaguay
942 _2lcc
_cLIB
999 _c102985
_d102985